Cristianismo y marxismo en la teología de la liberación

Na minha lista:
Detalhes bibliográficos
Autor principal: Moreno Valencia, Fernando (autor)
Formato: Livro
Idioma:espanhol
Publicado em: Santiago Salesiana 1976
Colecção:Fé e Historia
Assuntos:
Tags: Adicionar Tag
Sem tags, seja o primeiro a adicionar uma tag!

MARC

LEADER 00000nam a2200000 a 4500
001 UCR2008
003 CL-VaPUC
008 980109e19760000CL |||||||||||||||||spa|d
082 0 4 |a 261  |b MOR  |2 21 
100 |a Moreno Valencia, Fernando  |e autor  |9 503994 
245 1 0 |a Cristianismo y marxismo en la teología de la liberación 
300 |a 102 p 
942 |c BK 
945 |d 19980109 00:00:00  |a jquezada 
260 |a Santiago  |b Salesiana  |c 1976 
600 0 7 |a ILADES  |2 CL-VaPUC  |9 399564 
650 0 |a Teología social  |9 326726 
650 7 |a DOCTRINAS RELIGIOSAS  |2 CL-VaPUC  |9 337177 
650 7 |a MARXISMO  |2 CL-VaPUC  |9 399565 
650 0 |a Racionalismo  |9 259116 
650 0 |a Política  |9 255312 
650 0 |a Epistemología   |9 264994 
650 0 |a Cristianismo  |9 257361 
650 7 |a LIBERACION  |2 CL-VaPUC  |9 399271 
583 |a last modification  |c 19980109 00:00:00  |k Rodrigo Vera 
490 0 |a Fé e Historia 
999 |c 265286  |d 265284 
952 |0 0  |1 0  |4 0  |6 261_000000000000000_MOR_1976  |7 0  |8 A  |9 296150  |a BIBTEO  |b BIBTEO  |d 2019-11-20  |i 337310K  |o 261 MOR 1976  |p 337310K  |r 2025-01-17  |w 2019-11-20  |y BK  |k ICR